Central-Library-PUMHS

Online Public Access Catalogue

Welcome to PUMHS Central Library Nawabshah, SBA

Nursing ethics: across the curriculum and into practice (Record no. 37915)

000 -LEADER
fixed length control field 00319nam a22001457a 4500
082 ## - DEWEY DECIMAL CLASSIFICATION NUMBER
Classification number 610.73 BUT
100 ## - MAIN ENTRY--AUTHOR NAME
Personal name Butts JB
245 ## - TITLE STATEMENT
Title Nursing ethics: across the curriculum and into practice
250 ## - EDITION STATEMENT
Edition statement 6th Edition
260 ## - PUBLICATION, DISTRIBUTION, ETC. (IMPRINT)
Year of publication 2023
300 ## - PHYSICAL DESCRIPTION
Number of Pages 446
490 ## - SERIES STATEMENT
Series statement 6th Edition
650 ## - SUBJECT ADDED ENTRY--TOPICAL TERM
Topical Term Nursing
942 ## - ADDED ENTRY ELEMENTS (KOHA)
Koha item type Books
Holdings
Withdrawn status Lost status Permanent Location Current Location Shelving location Date acquired Source of acquisition Cost, normal purchase price Full call number Accession Number Koha item type
    Central Library New Campus PUMHS Nawabshah,(SBA) Central Library New Campus PUMHS Nawabshah,(SBA) Nursing Library 2026-03-06 M/S Allied Bill No A 25050055 Date 13/5/2025 23302.29 610.73 BUT 41211 Ref Books

Copyright © 2018,The PUMHSW, Nawabshah, Shaheed Benazirabad. All rights reserved
Mr. Abdul Sattar Mahar (Chief Librarian) PUMHSW, Nawabshah, Sindh, Pakistan 67480.
Ph#: | 0244-9370425 Ext. 2241 Email| librarian@pumhs.edu.pk Web| http://www.pumhs.edu.pk
سنڌي ڪي بورڊ